Disney Pixar Characters by Quote #2 - Statistics

General Stats
  • This quiz has been taken 187 times
    153 since last reset
  • The average score is 8 of 15
Answer Stats
Hint Answer % Correct
"Oh, hey. We're rehearsing a - a scene for the upcoming company play called uh, Put That Thing Back Where It Came From Or So Help Me. It's a musical." Mike Wazowski
73%
"I'm packing your extra pair of shoes, and your angry eyes just in case." Mrs. Potato Head
73%
"Hundred and fifty, and still young, dude. Rock on." Crush
70%
"Welcome to Sunnyside, folks." Lotso
70%
"Stop it! We are not gonna die! Now, both of you will *get a grip*! Or so help me, I will *ground* you for a month. Understand?" Elastigirl
65%
"I'm too sad to walk. Just give me a few... hours." Sadness
65%
"But I don't wanna use my head!" Rex
61%
"Hey, I know a joke! A squirrel walks up to a tree and says, "I forgot to store acorns for the winter and now I am dead." Ha! It is funny because the squirrel gets dead." Dug
47%
"A princess should not have weapons in my opinion." Queen Elinor
37%
"No one realized they're being fooled because they're too busy laughing at the fool, Brilliant!" Finn McMissile
34%
"You two have managed to accomplish something together no one ever has; you surprised me." Dean Hardscrabble
33%
"YOU ARE A TOY - CAR!" Woody Car
33%
"Foreign contaminant!" MO
32%
"So, where is it? Where's my *food*?" Hopper
30%
"Tell him to hit me with his best SHOT." Anton Ego
28%
No matching quizzes found
Score Distribution
Percent of People with Each Score
Percentile by Number Answered
Your Score History
You have not taken this quiz since the last reset